Sports Quiz

Random Sports or Tennis Quiz

Tennis Grand Slam Winners (2000s) Quiz Stats

 Plays Quiz Updated Jan 20, 2019

Support Sporcle.
Go Orange.
Score 0/80 Timer 05:00
17 Plays Today
% Correct
Roger Federer
98.8%
Roger Federer
98.8%
Roger Federer
98.8%
Roger Federer
98.8%
Roger Federer
98.8%
Roger Federer
98.8%
Roger Federer
98.8%
Roger Federer
98.8%
Roger Federer
98.8%
Roger Federer
98.8%
Roger Federer
98.8%
Roger Federer
98.8%
Roger Federer
98.8%
Roger Federer
98.8%
Roger Federer
98.8%
Rafael Nadal
98.3%
Rafael Nadal
98.3%
Rafael Nadal
98.3%
Rafael Nadal
98.3%
Rafael Nadal
98.3%
Rafael Nadal
98.3%
Serena Williams
97.3%
Serena Williams
97.3%
Serena Williams
97.3%
Serena Williams
97.3%
Serena Williams
97.3%
Serena Williams
97.3%
Serena Williams
97.3%
Serena Williams
97.3%
Serena Williams
97.3%
Serena Williams
97.3%
Venus Williams
97.1%
Venus Williams
97.1%
Venus Williams
97.1%
Venus Williams
97.1%
Venus Williams
97.1%
Venus Williams
97.1%
Venus Williams
97.1%
Novak Djokovic
89.3%
Pete Sampras
87.1%
% Correct
Pete Sampras
87.1%
Andre Agassi
84.6%
Andre Agassi
84.6%
Andre Agassi
84.6%
Maria Sharapova
81%
Maria Sharapova
81%
Maria Sharapova
81%
Andy Roddick
74%
Lleyton Hewitt
71.5%
Lleyton Hewitt
71.5%
Justine Henin
64.8%
Justine Henin
64.8%
Justine Henin
64.8%
Justine Henin
64.8%
Justine Henin
64.8%
Justine Henin
64.8%
Justine Henin
64.8%
Juan Martín del Potro
62.1%
Kim Clijsters
58.6%
Kim Clijsters
58.6%
Marat Safin
55%
Marat Safin
55%
Lindsay Davenport
53.5%
Gustavo Kuerten
48.6%
Gustavo Kuerten
48.6%
Goran Ivanišević
48.5%
Amélie Mauresmo
45.3%
Amélie Mauresmo
45.3%
Juan Carlos Ferrero
38.4%
Ana Ivanović
38.3%
Jennifer Capriati
37.8%
Jennifer Capriati
37.8%
Jennifer Capriati
37.8%
Mary Pierce
30.3%
Gastón Gaudio
30.1%
Svetlana Kuznetsova
29.7%
Svetlana Kuznetsova
29.7%
Thomas Johansson
24.6%
Albert Costa
22.9%
Anastasia Myskina
20%

From the Vault

Start the 'CAR'

by ChepeCarpenter

You are sure to get CAR-ried away playing this quiz.
Remove Ads.
Support Sporcle.
Get the best of Sporcle when you Go Orange. This ad-free experience offers more features, more stats, and more fun while also helping to support Sporcle. Thank you for becoming a member.

Show Comments

Extras

Top Quizzes Today


Score Distribution

Your Account Isn't Verified!

In order to create a playlist on Sporcle, you need to verify the email address you used during registration. Go to your Sporcle Settings to finish the process.

Report this User

Report this user for behavior that violates our Community Guidelines.

Details: